000 00304nam a22001337a 4500
008 180212b xxu||||| |||| 00| 0 eng d
020 _a9780412337901
041 _aeng
080 _a37
100 _a47
101 _aPOL
245 _aSenile dementia policy and services
_cIneichen,B
942 _2udc
_cBK
999 _c42308
_d42308